000 01557nam a22002297a 4500
999 _c58260
_d58260
003 Ge_BSU
005 20211012122619.0
008 211012s2021 ge ||||| |||| 00| 0 geo d
020 _a9789941835315
041 _ageo
080 _a341.231.14 ა-69
245 _aანტიდისკრიმინაციული სამართალი :
_bთარგმანები /
_cდიმიტრი გეგენავას და გიორგი გორაძის რედაქტორობით.
264 _aთბილისი :
_bსულხან-საბა ორბელიანის უნივერსიტეტის გამომცემლობა,
_c2021.
300 _a278 გვ. ;
_b20 სმ.
500 _aწიგნი გამოიცემა USAID / PROLoG-ის მიერ დაფინანსებული ადამიანის უფლებების პროექტის ფარგლებში.
504 _aბიბლიოგრაფია ტექსტის შენიშვნებში.
653 _aთანასწორობისა და ევროპული ანტიდისკრიმინაციული სამართლის მოდელი
653 _aსამართალი
700 _aგეგენავა, დიმიტრი
_eრედაქტორი
_912648
700 _aგორაძე, გიორგი
_eრედაქტორი
_92809
942 _2udc
_cBK